| 000 | 00822nam a2200217 a 4500 | ||
|---|---|---|---|
| 008 | 120217s2006 ||||||||||||||||| || u | ||
| 020 | _a9780443101649 | ||
| 050 | _aR 837.A2 Dor | ||
| 100 | _aDornan, Tim | ||
| 245 | 1 | 0 |
_aCore clinical skills for OSCEs in medicine. -- 2nd ed. _cby Tim Dornan and Paul O'Neill |
| 250 | _a2nd ed. | ||
| 260 |
_aOxford: _bElsevier _c2006 |
||
| 300 | _axvi, 369p.: ill. | ||
| 350 | _a0.00 | ||
| 650 | _aCLINICAL MEDICINE--EXAMINATIONS, QUESTIONS, ETC | ||
| 650 | _aCLINICAL MEDICINE--ABILITY TESTING | ||
| 650 | _aCLINICAL COMPETENCE | ||
| 650 | _aCLINICAL MEDICINE--METHODS | ||
| 700 | _aO'Neill, Paul | ||
| 995 |
_aMEDICAL LIBRARY OPEN ACCESS _e901544 _FCBU-SCHOOL OF MEDICINE LIBRARY (Ndola) _I0.00 _jR 837.A2 Dor _M1 _UOUT _WJun 27, 2012 _y901544 _ZMedical Library Open Access Collection |
||
| 999 |
_c31161 _d31161 |
||